000 00554nam a22002057a 4500
003 OSt
005 20140310184423.0
008 131008t xxu||||| |||| 00| 0 eng d
020 _a9780439559638
050 _aPZ 7
_b.St857Ltee 2005
100 _aStilton, Geronimo
245 _aLost treasure of the emerald /
_bGeronimo Stilton.
260 _aNew York :
_bScholastic Inc.,
_c2005
300 _a116 p. :
_bill. col. ;
_c20 cm.
521 _aG3
526 _c530
650 _aFiction
_xJuvenile
_926638
942 _2lcc
_cBK-SCHOLAS
999 _c34283
_d34283